000 00462cam a22001934a 4500
005 20250605164326.0
008 250528s ||||||||||||||||||||||||d
035 _a23048
020 _a9780582357556
040 _aGR-AtMCL
_bgre
_dGR-AtMCL
_eAACR2
245 1 _aTYPOGRAPHY AND LANGUAGE IN EVERY DAY LIFE
250 _a1
260 _bLongman,
_c2001
300 _a206
700 1 _aWalker Sue
_98619
942 _cBK
999 _c8088
_d8088